000 00329nam a22001217a 4500
040 _cSK
082 _a631
100 _aសួស ចំណាន
245 _aMachinery management; ការគ្រប់គ្រងម៉ាស៊ីនកសិកម្ម
260 _aRUA
_bសួស
_c2011
300 _a56p.
942 _cEK
999 _c9068
_d9068